Advanced language practice

Na minha lista:
Detalhes bibliográficos
Autor principal: Vince, Michael (Autor)
Formato: Livro
Idioma:inglês
Publicado em: Oxford MacMillan Heinemann English language Teaching 1994
Assuntos:
Tags: Adicionar Tag
Sem tags, seja o primeiro a adicionar uma tag!

MARC

LEADER 00000nam a2200000 a 4500
001 UCM7766
003 CL-VaPUC
008 030110e19940000UK |||||||||||||||||eng|d
082 0 4 |a 428  |b VIN  |2 21 
100 0 |a Vince, Michael  |e author  |9 473397 
245 1 0 |a Advanced language practice 
300 |a 295 p 
942 |c BK 
945 |d 20030110 00:00:00  |a cmena 
260 |a Oxford  |b MacMillan Heinemann English language Teaching  |c 1994 
650 0 |a Educación lingüística  |9 306506 
650 0 |a Enseñanza del inglés  |9 367340 
650 0 |a Lengua inglesa  |9 318842 
650 0 |a Métodos de enseñanza  |9 270413 
583 |a last modification  |c 20030110 00:00:00  |k Rodrigo Vera 
999 |c 302443  |d 302441 
952 |0 0  |1 0  |4 0  |6 428_000000000000000_VIN_1994  |7 0  |8 A  |9 363024  |a BIBEDU  |b BIBEDU  |d 2019-11-21  |i 3871681  |o 428 VIN 1994  |p 3871681  |r 2019-11-21  |w 2019-11-21  |y BK  |k LIT